No zoo (Registo nº 23855)

Detalhes MARC
000 -Etiqueta do registo
Valores 00681nam a22002411i 4500
010 ## - Número ISBN
ISBN 9789895501014
090 ## -
-- 23855
100 ## - Dados gerais de processamento
Dados gerais 20170304u u u0frey50 ba
101 0# - Língua de publicação
-- por
200 1# - Titulo e menção de responsabilidade
Primeira menção de responsabilidade Dawn Sirett
Título próprio No zoo
Informação de outro título segue o macaco simpático
210 ## - Publicação
Nome do editor Civilização
Local de publicação Porto
Data de publicação 2003
215 ## - Descrição física 
Paginação / Volumes [9] p.
Outras indicações físicas il.
Dimensões 16x16 cm
225 2# - Colecção 
Título próprio da colecção Janela mágica
300 ## - Notas gerais 
Texto da nota Livro cartonado com janelas. - Oferta de João Regal Ferreira
606 ## - Nome comum usado como assunto
ID Autoridade 1083
Palavra de ordem Animais selvagens
606 ## - Nome comum usado como assunto
ID Autoridade 2402
Palavra de ordem Infantil
675 ## - CDU
Notação 087.5
-- 2104
700 #1 - Autor principal (pessoa individual)
Apelido Sirett
Nome Dawn
-- 070
ID Autoridade 3635
702 #1 - Autor secundário (pessoa individual)
Apelido Silva
Nome Joana Ferreira da
-- 730
ID Autoridade 4310
801 ## - Fonte de origem
País PT
Regras de catalogação RPC
990 ## - Elementos KOHA
Tipo de documento Livro
994 ## - Estado da catalogação
-- COMP
Exemplares
Situação do levantamento Estado Biblioteca de origem Biblioteca de empréstimo Código de barras Cota Permissão de empréstimo Tipo de documento Nota relativa ao exemplar
  Completo Biblioteca Municipal de Viana Do Alentejo Biblioteca Municipal de Viana Do Alentejo 0030064 087.5 SIR Disponível Livro 0-5 anos




Powered by Koha